00403nam a2200109Ia 4500008004100000245015900041260004900200260000900249300001000258500000900268650001600277170224s9999 xx 000 0 und d 2aA four-culture study of self-enhancement and adjustment using the social relations model: Do alternative conceptualizations and indices make a difference? bJournal of Personality and Social Psychology c2014 a106:6 aJune xPsychology.